Un mar de encuentros y confrontaciones : (Record no. 85906)
[ view plain ]
| 000 -LEADER | |
|---|---|
| fixed length control field | 01019cac a2200265 4500 |
| 008 - FIXED-LENGTH DATA ELEMENTS--GENERAL INFORMATION | |
| fixed length control field | 080521t20062006mx a 000 0 spa u |
| 020 ## - INTERNATIONAL STANDARD BOOK NUMBER | |
| International Standard Book Number | 9688107271 |
| 100 1# - MAIN ENTRY--PERSONAL NAME | |
| Personal name | Grafenstein, Johanna von |
| 245 13 - TITLE STATEMENT | |
| Title | Un mar de encuentros y confrontaciones : |
| Remainder of title | el Golfo-Caribe en la historia nacional, |
| Statement of responsibility, etc | cJohanna von Grafenstein, Laura Muñoz, Antoinette Nelken. |
| 250 ## - EDITION STATEMENT | |
| Edition statement | 1a ed. |
| 260 ## - PUBLICATION, DISTRIBUTION, ETC. (IMPRINT) | |
| Place of publication, distribution, etc | México : |
| Name of publisher, distributor, etc | Secretaría de Relaciones Exteriores México, |
| Date of publication, distribution, etc | c2006 |
| 300 ## - PHYSICAL DESCRIPTION | |
| Extent | 261 p. : |
| Other physical details | il. ; |
| Dimensions | 28 cm. |
| 440 #0 - SERIES STATEMENT/ADDED ENTRY--TITLE | |
| Title | México y sus fronteras |
| 504 ## - BIBLIOGRAPHY, ETC. NOTE | |
| Bibliography, etc | Bibliografía: p. 240-255, índice e índice onomástico |
| 650 #4 - SUBJECT ADDED ENTRY--TOPICAL TERM | |
| Topical term or geographic name as entry element | Límites |
| Geographic subdivision | México |
| General subdivision | Historia |
| 650 #4 - SUBJECT ADDED ENTRY--TOPICAL TERM | |
| Topical term or geographic name as entry element | México (Golfo de) |
| General subdivision | Litoral |
| -- | Historia |
| 650 #4 - SUBJECT ADDED ENTRY--TOPICAL TERM | |
| Topical term or geographic name as entry element | Caribe (Mar) |
| General subdivision | Límites |
| -- | Historia |
| 651 #4 - SUBJECT ADDED ENTRY--GEOGRAPHIC NAME | |
| Geographic name | México |
| General subdivision | Límites |
| Geographic subdivision | E.U.A. |
| General subdivision | Historia |
| 650 #4 - SUBJECT ADDED ENTRY--TOPICAL TERM | |
| Topical term or geographic name as entry element | Derecho marítimo |
| Geographic subdivision | México |
| General subdivision | Historia |
| 700 1# - ADDED ENTRY--PERSONAL NAME | |
| Personal name | Muñoz, Laura, coaut. |
| 700 1# - ADDED ENTRY--PERSONAL NAME | |
| Personal name | Nelken, Antoinette, coaut. |
| 942 ## - ADDED ENTRY ELEMENTS (KOHA) | |
| Source of classification or shelving scheme | Biblioteca del Cogreso de los Estados Unidos |
| Koha item type | Libro |
| Estado de pérdida | Fuente de clasificación | Estado del daño | No para préstamo | Ubicación permanente | Ubicación actual | Apartado o colección | Fecha de adquisición | Edición | Dependencia de educación superior (DES) | Área del conocimiento | Clasificación | Código de Barras | Date last seen | Número de copia | Tipo de recurso |
|---|---|---|---|---|---|---|---|---|---|---|---|---|---|---|---|
| Biblioteca del Cogreso de los Estados Unidos | Biblioteca del Instituto de Investigaciones Históricas | Biblioteca del Instituto de Investigaciones Históricas | General | 23/04/2018 | 1a ed. | Humanidades | Ciencias Sociales y Administrativas | F1249 G73 2006 | IIH000020294 | 23/04/2018 | C:1 | Libro |